| Поле | Инд. | ПП | Название | Значение |
|---|---|---|---|---|
| Тип записи | a | |||
| Библиографический уровень | b | |||
| 001 | Контрольный номер | RU/IS/BASE/421251780 | ||
| 005 | Дата корректировки | 20220420085403.5 | ||
| 008 | Кодируемые данные | 20130507 | ||
| 084 | a | Индекс другой классификации/Индекс ББК | 65.221(2Рос) | |
| 100 | 1_ | a | Автор | Грушина О. В. |
| q | Полное имя | Грушина Ольга Валерьевна | ||
| 245 | a | Заглавие | Фонд накопительного жилищного страхования детей - граждан РФ: возможный механизм формирования федеральной и муниципальной инвестиционной политики в сфере жилищного строительства | |
| 500 | a | Примечание | Примечание | |
| 504 | a | Библиография | Лит. в конце статьи | |
| 520 | a | Аннотация | Рассмотрены вопросы формирования спроса и предложения жилья. Считая доступность жилья особой характеристикой устройства экономической системы государства, автор предлагает решить жилищную проблему путем создания института накопительного жилищного страхования детей, подойти к формированию стоимости жилья не с рыночной, а с политэкономической точки зрения и выводит функцию зависимости квадратного метра от среднего дохода семьи. | |
| 650 | a | Основная рубрика | экономика | |
| a | Основная рубрика | экономика недвижимости | ||
| 653 | a | Ключевые слова | доступность жилья | |
| a | Ключевые слова | доходы семьи | ||
| a | Ключевые слова | жилищная политика | ||
| a | Ключевые слова | жилищное страхование | ||
| a | Ключевые слова | жилищное строительство | ||
| a | Ключевые слова | жилье | ||
| a | Ключевые слова | инвестиционная политика | ||
| a | Ключевые слова | Иркутск | ||
| a | Ключевые слова | Иркутская область | ||
| a | Ключевые слова | коэффициент доступности жилья | ||
| a | Ключевые слова | муниципальная политика | ||
| a | Ключевые слова | накопительное жилищное страхование | ||
| a | Ключевые слова | накопительное страхование | ||
| a | Ключевые слова | организация страхования | ||
| a | Ключевые слова | предложение жилья | ||
| a | Ключевые слова | регионы России | ||
| a | Ключевые слова | Россия | ||
| a | Ключевые слова | спрос на жилье | ||
| a | Ключевые слова | стоимость жилья | ||
| a | Ключевые слова | страхование детей | ||
| a | Ключевые слова | жилищное строительство | ||
| a | Ключевые слова | управление страхованием | ||
| a | Ключевые слова | управление строительством | ||
| a | Ключевые слова | федеральная политика | ||
| 773 | t | Заглавие источника | Вопросы государственного и муниципального управления | |
| d | Дата издания источника | 2012 | ||
| g | Прочая информация | № 4. - С. 32 - 49 : табл., диагр., схем., расчет. | ||
| w | Контрольный № источника | RU/IS/BASE/414172742 | ||
| 901 | t | Тип документа | b |